Random words hidden in country names - Statistics

General Stats
  • This quiz has been taken 117 times
  • The average score is 15 of 26
Answer Stats
Hint Answer % Correct
ZEAL New Zealand
97%
MARK Denmark
92%
ICE Iceland
89%
WAY Norway
88%
MANY Germany
83%
ETHER Netherlands
82%
SING Singapore
82%
PAIN Spain
82%
EDEN Sweden
82%
PORT Portugal
74%
MANIA Romania
68%
KEY Turkey
67%
DIVE Maldives
65%
WAND Rwanda
56%
LIE Liechtenstein
45%
HELL Seychelles
45%
LOVE Slovenia
42%
ARIA Bulgaria
41%
OLD Moldova
40%
HUT Bhutan
36%
PINE Philippines
33%
GAS Madagascar
30%
BAD Barbados
18%
STAR Costa Rica
15%
HAM Bahamas
14%
SAND Saint Kitts and Nevis
9%
No matching quizzes found
Score Distribution
Percent of People with Each Score
Percentile by Number Answered
Your Score History
You have not taken this quiz